=LDR 00000nam 2200000 4500 =001 INLIS000000000020001 =005 20130612115011 =008 ***********************************Ind** =035 ##$$0010-061300000020001 =041 ##$$a Ind =082 ##$$a 346 =090 ##$$a 346, Sal p =100 ##$$a Salim =245 ##$$a Pengantar hukum perdata tertulis, oleh Salim HS, SH, MS =260 ##$$a 2005 $b Jakarta =300 ##$$a xvii, 213 hlm, 22 cm =650 ##$$a Hukum Perdata =850 ##$$a NBPNMAT =990 ##$$a 13301330 =990 ##$$a 01201901330